000 00454nam a2200169Ia 4500
003 GCL
008 140319s9999 xx 000 0 ara d
040 _aGCL /
_cGCL
082 0 4 _a214
_bع ر
245 1 0 _aالرزق والاجل
260 _a[S.N] :
_bدار البشير للثقافة والعلوم الاسلامية ،
_c1992
300 _a79 ص
490 _a
650 0 4 _aالاسلام
650 0 4 _aفقه اسلامى
942 _2ddc
_cBK
999 _c58747
_d58747